James Joyce: el hombre que escribió Ulises

Αποθηκεύτηκε σε:
Λεπτομέρειες βιβλιογραφικής εγγραφής
Κύριος συγγραφέας: Gorman, Herbert Sherman (Συγγραφέας)
Μορφή: Βιβλίο
Γλώσσα:Ισπανικά
Έκδοση: Buenos Aires Santiago Rueda 1945
Θέματα:
Ετικέτες: Προσθήκη ετικέτας
Δεν υπάρχουν, Καταχωρήστε ετικέτα πρώτοι!

MARC

LEADER 00000cam a2200000 a 4500
001 UCG8393
003 CL-VaPUC
008 111202e19450000AG |||||||||||||||||spa|d
082 0 4 |a 823.912  |b GOR  |2 21 
100 0 |a Gorman, Herbert Sherman  |e author  |9 559398 
245 1 0 |a James Joyce: el hombre que escribió Ulises 
300 |a 347 p 
942 |c BK 
945 |d 20111202 00:00:00  |a dcastane 
260 |a Buenos Aires  |b Santiago Rueda  |c 1945 
600 0 |a Joyce, James Augustine   |d 1882-1941  |9 476739 
650 0 |a Escritores irlandenses  |9 559399 
650 0 |a Literatura irlandesa  |9 349943 
650 0 |a Biografías  |9 255210 
650 0 |a Crítica e interpretación   |9 255042 
583 |a last modification  |c 20111202 14:14:00  |k Rodrigo Vera 
999 |c 346003  |d 346001 
952 |0 0  |1 0  |4 0  |6 823_912000000000000_GOR_1945  |7 0  |8 A  |9 446424  |a BIBEDU  |b BIBEDU  |d 2019-11-22  |i 4809297  |o 823.912 GOR 1945  |p 4809297  |r 2019-11-22  |w 2019-11-22  |y BK  |k LIT